| 000 -CABECERA |
| Campo de control de longitud fija |
02823nam a22003857a 4500 |
| 003 - IDENTIFICADOR DEL NÚMERO DE CONTROL |
| Campo de control |
OSt |
| 005 - FECHA Y HORA DE LA ÚLTIMA TRANSACCIÓN |
| Campo de control |
20260416144017.0 |
| 008 - CÓDIGOS DE INFORMACIÓN DE LONGITUD FIJA |
| Campo de control de longitud fija |
260414t2021 xxu||||| |||| 00| 0 eng d |
| 020 ## - NÚMERO INTERNACIONAL NORMALIZADO PARA LIBROS (ISBN) |
| Número Internacional Normalizado para Libros (ISBN) |
9789811513466 |
| 020 ## - NÚMERO INTERNACIONAL NORMALIZADO PARA LIBROS (ISBN) |
| Número Internacional Normalizado para Libros (ISBN) |
9789811513459 |
| 040 ## - FUENTE DE LA CATALOGACIÓN |
| Centro catalogador de origen |
Unicoc |
| Lengua de catalogación |
spa |
| Centro que cataloga |
Bogotá (Dr. David Ordóñez Rueda) - Campus Norte |
| Centro modificador |
Bogotá (Dr. David Ordóñez Rueda) - Campus Norte |
| 082 ## - NÚMERO DE LA CLASIFICACIÓN DECIMAL DEWEY |
| Número de clasificación |
617.52 |
| 100 ## - PUNTO DE ACCESO PRINCIPAL - NOMBRE DE PERSONA |
| 9 (RLIN) |
12935 |
| Nombre de persona |
Bonanthaya, Krishnamurthy |
| 245 ## - MENCIÓN DE TÍTULO |
| Título |
Oral and maxillofacial surgery for the clinician |
| Mención de responsabilidad etc. |
/ Krishnamurthy Bonanthaya |
| 260 ## - PUBLICATION, DISTRIBUTION, ETC. (IMPRINT) |
| Lugar de publicación distribución etc. |
India : |
| Nombre del editor distribuidor etc. |
Springer , |
| Fecha de publicación distribución etc. |
2021 |
| 300 ## - DESCRIPCIÓN FÍSICA |
| Extensión |
1965 páginas |
| Otras características físicas |
Ilustraciones, diagramas, tablas, gráficas |
| 500 ## - NOTA GENERAL |
| Nota general |
Incluye referencias bibliográficas |
| 505 ## - NOTA DE CONTENIDO CON FORMATO |
| Título |
Part I. Introducción: oral and maxillofacial surgery in india: how did we get here and where are we going. -- |
| -- |
Part II. Preoperative assessment and patient preparation/optimization. -- |
| -- |
Part III. Anesthesia for oral and maxillofacial surgery. -- |
| -- |
Part IV. imaging in oral and maxillofacial surgery. -- |
| -- |
Part V. Principles of maxillofacial surgery. -- |
| -- |
Part VI. Dentoalveolar and oral surgery. -- |
| -- |
Part VII. Dental implantology. -- |
| -- |
Part VIII. Odontogenic infections. -- |
| -- |
Part IX. Maxillary sinus and the oral surgeon. -- |
| -- |
Part X. Nerve injuries and neuralgias of oral and maxillofacial region. -- |
| -- |
Part XI. Benign pathologies of the oral and maxillofacial region. -- |
| -- |
Part XII. Aesthetic procedures in oral and maxillofacial region. -- |
| -- |
Part XIII. Advances in oral and maxillofacial surgery. -- |
| -- |
Part XIII. Advances in oral and maxillofacial surgery. -- |
| -- |
Part XIV. Practice management in oral and maxillofacial surgery. -- |
| -- |
Part XV. Salivary gland pathologies. -- |
| -- |
Part XVI. Maxillofacial traumatology. -- |
| -- |
Part XVII. Temporomandibular joint disorders. -- |
| -- |
Part XVIII. Orthognathic surgery. -- |
| -- |
Part XIX. Developmental deformities of the oral and maxillofacial region. -- |
| -- |
Part XX. Craniofacial anomalies. -- |
| -- |
Part XXI. Malignant pathologies of the oral and maxillofacial region. -- |
| -- |
Part XXII. Reconstructive procedures of the oral and maxillofacial region. |
| 526 ## - NOTA DE INFORMACIÓN SOBRE EL PROGRAMA DE ESTUDIO |
| Institución que aplica el campo |
Unicoc |
| 546 ## - NOTA DE LENGUA |
| Nota de lengua |
Inglés |
| 650 #0 - PUNTO DE ACCESO ADICIONAL DE MATERIA - TÉRMINO DE MATERIA |
| 9 (RLIN) |
85 |
| Término de materia o nombre geográfico como elemento inicial |
Cirugía oral |
| 650 #0 - PUNTO DE ACCESO ADICIONAL DE MATERIA - TÉRMINO DE MATERIA |
| 9 (RLIN) |
4197 |
| Término de materia o nombre geográfico como elemento inicial |
Cirugía maxilofacial |
| 650 #0 - PUNTO DE ACCESO ADICIONAL DE MATERIA - TÉRMINO DE MATERIA |
| 9 (RLIN) |
87 |
| Término de materia o nombre geográfico como elemento inicial |
Procedimientos quirúrgicos orales. |
| 650 #0 - PUNTO DE ACCESO ADICIONAL DE MATERIA - TÉRMINO DE MATERIA |
| 9 (RLIN) |
950 |
| Término de materia o nombre geográfico como elemento inicial |
Boca |
| Subdivisión de materia general |
Cirugía |
| 658 #0 - TÉRMINO DE INDIZACIÓN - OBJETIVO CURRICULAR |
| 9 (RLIN) |
8315 |
| Programa Académico |
Programa de Odontología |
| 658 #0 - TÉRMINO DE INDIZACIÓN - OBJETIVO CURRICULAR |
| 9 (RLIN) |
11722 |
| Programa Académico |
Especialización en Ortodoncia y Ortopedia Maxilar |
| 658 #0 - TÉRMINO DE INDIZACIÓN - OBJETIVO CURRICULAR |
| 9 (RLIN) |
8071 |
| Programa Académico |
Especialización en Endodoncia |
| 658 #0 - TÉRMINO DE INDIZACIÓN - OBJETIVO CURRICULAR |
| 9 (RLIN) |
8074 |
| Programa Académico |
Especialización en Rehabilitación Oral |
| 700 ## - PUNTO DE ACCESO ADICIONAL - NOMBRE DE PERSONA |
| 9 (RLIN) |
12936 |
| Nombre de persona |
Panneerselvam, Elavenil |
| 700 ## - PUNTO DE ACCESO ADICIONAL - NOMBRE DE PERSONA |
| 9 (RLIN) |
12937 |
| Nombre de persona |
Manuel, Suvy |
| 700 ## - PUNTO DE ACCESO ADICIONAL - NOMBRE DE PERSONA |
| 9 (RLIN) |
1145 |
| Nombre de persona |
Kumar, Vinay |
| 700 ## - PUNTO DE ACCESO ADICIONAL - NOMBRE DE PERSONA |
| 9 (RLIN) |
12938 |
| Nombre de persona |
Rai, Anshul |
| 856 ## - LOCALIZACIÓN Y ACCESO ELECTRÓNICOS |
| Texto del enlace |
Acceso online exclusivo para comunidad Unicoc. |
| Identificador Uniforme del Recurso (URI) |
https://unicoceduco-my.sharepoint.com/:b:/g/personal/direccionbiblioteca_unicoc_edu_co/IQD-jh-TNVxNQJ5DtBEjFl0kAZNA0_y80pa0TnvOvtkXzYc |
| 942 ## - ENTRADA PARA ELEMENTOS AGREGADOS (KOHA) |
| Fuente de clasificación o esquema de ordenación en estanterías |
|
| Koha [por defecto] tipo de item |
Libro electrónico |